Az abszurd dráma és Albee
Elmentve itt :
| Szerző: | |
|---|---|
| További közreműködők: | |
| Dokumentumtípus: | Szakdolgozat |
| Megjelent: |
1977
|
| Tárgyszavak: | |
| Online Access: | http://diploma.bibl.u-szeged.hu/94836 |
| LEADER | 00610nta a2200193 i 4500 | ||
|---|---|---|---|
| 001 | dipl94836 | ||
| 005 | 20201120074409.0 | ||
| 008 | 201118s1977 hu om 0|| zxx d | ||
| 040 | |a SZTE Diploma Repozitórium |b hun | ||
| 041 | |a zxx | ||
| 100 | 1 | |a Vida Irén | |
| 245 | 1 | 3 | |a Az abszurd dráma és Albee |h [elektronikus dokumentum] / |c Irén Vida |
| 260 | |c 1977 | ||
| 650 | 4 | |a Pedagógusképzés | |
| 650 | 4 | |a Humanities | |
| 650 | 4 | |a Languages and Literature | |
| 650 | 4 | |a Literary theory | |
| 700 | 1 | |a Kovács András |e ths | |
| 856 | 4 | 0 | |u http://diploma.bibl.u-szeged.hu/id/eprint/94836/1/1977_vida_iren.pdf |z Dokumentum-elérés |